[Event "World Senior 65+ 2014"]
[Site "Katerini GRE"]
[Date "2014.11.03"]
[Round "10.15"]
[White "Hohler, Peter"]
[Black "Doubleday, William G."]
[Result "1/2-1/2"]
[WhiteTitle "FM"]
[WhiteElo "2187"]
[BlackElo "2057"]
[WhiteFideId "1300296"]
[BlackFideId "2682419"]
[EventDate "2014.10.24"]

1. Nf3 d5 2. g3 Nf6 3. Bg2 c6 4. O-O Bg4 5. d4 e6 6. Nbd2 Nbd7 7. Re1 Be7 8. e4
dxe4 9. Nxe4 O-O 10. Nxf6+ Bxf6 11. c3 Qb6 12. h3 Bh5 13. Qb3 Rfd8 14. Be3 Be7
15. Nd2 h6 16. Nc4 Qxb3 17. axb3 Nb6 18. Na5 Rd7 19. Nxb7 Rxb7 20. Bxc6 Rab8 21.
Bf4 Nc8 22. Bxb8 Rxb8 23. Bd7 Bf6 24. g4 Bg6 25. Bxc8 Rxc8 26. Rxa7 Rb8 27. b4
Bc2 28. Ra3 g6 29. Kg2 h5 30. gxh5 gxh5 31. Kf3 Bf5 32. Kg2 h4 33. Ra7 Bc2 34.
f3 Bf5 35. Rea1 Kg7 36. Ra8 Rb7 37. R1a7 Rb6 38. Ra6 Rb7 39. R8a7 Rb8 40. Ra8
Rb7 41. R8a7 Rb8 42. Ra8 Rb7 1/2-1/2

[Event "World Senior 65+ 2014"]
[Site "Katerini GRE"]
[Date "2014.11.03"]
[Round "10.16"]
[White "Savolainen, Lev P."]
[Black "Skalkotas, Nikolaos"]
[Result "0-1"]
[WhiteTitle "FM"]
[BlackTitle "IM"]
[WhiteElo "2083"]
[BlackElo "2150"]
[WhiteFideId "4135792"]
[BlackFideId "4200144"]
[EventDate "2014.10.24"]

1. d4 e6 2. e4 d5 3. e5 c5 4. c3 Bd7 5. a3 a5 6. b3 Nc6 7. Nf3 Qb6 8. Be3 Nh6 9.
Bd3 Ng4 10. O-O Nxe3 11. fxe3 Be7 12. Nbd2 cxd4 13. exd4 f6 14. Kh1 O-O 15. Qe2
f5 16. h4 Qd8 17. g3 a4 18. b4 Na7 19. c4 Bc6 20. c5 Qe8 21. Nb1 Bb5 22. Nc3
Bxd3 23. Qxd3 Qh5 24. Kg2 f4 25. Rh1 fxg3 26. Rh3 Nc6 27. Ne2 Rf7 28. Rxg3 Raf8
29. Rh1 Bd8 30. Rhh3 Ne7 31. Rg5 Qh6 32. Nh2 Nf5 33. Rg4 Nxh4+ 34. Rgxh4 Bxh4
35. Nf3 Qh5 36. Neg1 Qg4+ 37. Kh1 Qxh3+ 38. Nxh3 Rxf3 39. Qb5 Rxh3+ 40. Kg2 Rxa3 0-1

[Event "World Senior 65+ 2014"]
[Site "Katerini GRE"]
[Date "2014.11.03"]
[Round "10.17"]
[White "Archangelsky, Mikhail"]
[Black "Morriss, Pete"]
[Result "1/2-1/2"]
[WhiteTitle "IM"]
[WhiteElo "2149"]
[BlackElo "2032"]
[WhiteFideId "4117573"]
[BlackFideId "2500230"]
[EventDate "2014.10.24"]

1. c4 Nf6 2. Nc3 c5 3. g3 g6 4. Bg2 Bg7 5. e3 O-O 6. Nge2 Na6 7. d4 Rb8 8. O-O
d6 9. a3 Nc7 10. b4 b5 11. cxb5 Nxb5 12. Nxb5 Rxb5 13. Bd2 cxb4 14. axb4 a6 15.
Qa4 Qb6 16. Rfc1 Nd5 17. Nc3 Nxc3 18. Bxc3 e5 19. d5 Bb7 20. e4 f5 21. Bf1 fxe4
22. Rc2 Bxd5 23. Bxb5 axb5 24. Qa7 Qd8 25. Rd2 Bc4 26. Qb7 d5 27. Ra7 Qf6 28.
Qxg7+ Qxg7 29. Rxg7+ Kxg7 30. Bxe5+ Kg8 31. Rd1 Rf3 32. Ra1 Rb3 33. Bd6 d4 34.
h4 d3 35. Bc5 Kf7 36. Rd1 Kf6 37. f3 exf3 38. Kf2 Bd5 39. Ke3 Bc4 40. Rd2 Kf5
41. Kxf3 h5 42. Bd6 Rb1 43. Ke3 Kg4 44. Rf2 Re1+ 45. Kd2 Re6 46. Bf4 Re7 47. Bd6
Re6 48. Bf4 Re7 49. Bd6 Re6 1/2-1/2

[Event "World Senior 65+ 2014"]
[Site "Katerini GRE"]
[Date "2014.11.03"]
[Round "10.18"]
[White "Krstic, Slobodan AUS"]
[Black "Harding, Tim D"]
[Result "0-1"]
[WhiteElo "2038"]
[BlackElo "2095"]
[WhiteFideId "3203379"]
[BlackFideId "2500256"]
[EventDate "2014.10.24"]

1. e4 e6 2. Qe2 c5 3. f4 Nc6 4. Nf3 g6 5. g3 Bg7 6. c3 Nge7 7. d3 b6 8. Be3 d5
9. Bf2 O-O 10. e5 d4 11. c4 f6 12. exf6 Rxf6 13. Bg2 Bb7 14. O-O Qc7 15. Nbd2
Re8 16. Ne4 Rff8 17. g4 Nf5 18. Nfg5 Ne3 19. Bg3 e5 20. f5 gxf5 21. gxf5 Qe7 22.
Bh3 Nd8 23. f6 Bxf6 24. Rxf6 Rxf6 25. Nxf6+ Qxf6 26. Qh5 Re7 27. Bh4 Rg7 28.
Qe8+ Qf8 29. Qxf8+ Kxf8 30. Kf2 h6 31. Ne4 Nf7 32. Ng3 Ng5 33. Bxg5 Rf7+ 34. Kg1
hxg5 35. a3 g4 36. Bf1 Nxf1 37. Rxf1 Rf3 38. Rxf3+ Bxf3 39. Kf2 Kf7 40. h3 Kg6
41. h4 a6 42. Ke1 Bc6 43. Kd2 Kf6 44. b3 Bd7 45. Ke2 Bf5 46. Nh5+ Kf7 47. Ng3
Bh7 48. Kd2 Ke6 49. b4 e4 50. dxe4 Ke5 51. h5 Kf4 52. h6 Kg5 53. e5 Kxh6 54. e6
Kg7 55. Nh5+ Kf8 56. Nf4 Be4 0-1

[Event "World Senior 65+ 2014"]
[Site "Katerini GRE"]
[Date "2014.11.03"]
[Round "10.19"]
[White "Marcovici, Adrian"]
[Black "Gruzmann, Boris"]
[Result "0-1"]
[BlackTitle "FM"]
[WhiteElo "2042"]
[BlackElo "2246"]
[WhiteFideId "2801175"]
[BlackFideId "4105290"]
[EventDate "2014.10.24"]

1. e4 c5 2. Nf3 d6 3. d4 cxd4 4. Qxd4 a6 5. Be3 Nf6 6. Nc3 Nc6 7. Qd2 b5 8. Bd3
Ng4 9. Bf4 e6 10. O-O Be7 11. Rfd1 O-O 12. Be2 Qb6 13. Bg3 Rd8 14. Nd4 Nge5 15.
Nxc6 Nxc6 16. Re1 Bb7 17. Bd3 Bf6 18. Nd1 Rac8 19. c3 b4 20. Rc1 a5 21. Qe3 Qxe3
22. Nxe3 bxc3 23. bxc3 Ne5 24. Bb1 Nc4 25. Nxc4 Rxc4 26. Bd3 Rxc3 27. Rxc3 Bxc3
28. Rc1 Bb4 29. Rc7 Ba8 30. Kf1 d5 31. e5 d4 32. f3 Bd5 33. a4 Bb3 34. Be1 Bxe1
35. Kxe1 Bxa4 36. Ra7 Bc6 37. Rxa5 Rd5 38. Ra6 Rxe5+ 39. Kd2 Rc5 40. Rb6 g6 41.
Rb8+ Kg7 42. Rc8 Rc3 43. Be2 Bxf3 44. Rd8 Bd5 45. g3 Kf6 46. Rd7 Rb3 47. Kc2 Rb7
48. Rd8 Ke5 0-1

[Event "World Senior 65+ 2014"]
[Site "Katerini GRE"]
[Date "2014.11.03"]
[Round "10.20"]
[White "Carlsten, Peter"]
[Black "Agzamov, Valeriy"]
[Result "1/2-1/2"]
[WhiteElo "2031"]
[BlackElo "2191"]
[WhiteFideId "1705067"]
[BlackFideId "14200449"]
[EventDate "2014.10.24"]

1. e4 d6 2. d4 g6 3. Nc3 Bg7 4. Be3 e5 5. Bc4 exd4 6. Bxd4 Nf6 7. f3 O-O 8. Nge2
c6 9. a4 Nbd7 10. O-O Qe7 11. Qd2 Ne5 12. Ba2 Be6 13. Bxe6 Qxe6 14. b3 Ne8 15.
Rad1 f5 16. f4 Nf7 17. exf5 Qxf5 18. Bxg7 Nxg7 19. Nd4 Qd7 20. Ne4 Nh6 21. Nf3
d5 22. Ne5 Qe7 23. Nf2 1/2-1/2

[Event "World Senior 65+ 2014"]
[Site "Katerini GRE"]
[Date "2014.11.03"]
[Round "10.21"]
[White "Kiselev, Alexander"]
[Black "Bondar, Leonid"]
[Result "1/2-1/2"]
[WhiteElo "2122"]
[BlackElo "2061"]
[WhiteFideId "14105900"]
[BlackFideId "2006227"]
[EventDate "2014.10.24"]

1. d4 d5 2. c4 c6 3. Nf3 Nf6 4. e3 e6 5. Nc3 Nbd7 6. Bd3 dxc4 7. Bxc4 a6 8. Bd3
b5 9. e4 c5 10. e5 cxd4 11. Nxb5 Nxe5 12. Nxe5 axb5 13. Bxb5+ Bd7 14. Nxd7 Qa5+
15. Bd2 Qxb5 16. Nxf6+ gxf6 17. Qe2 Qd5 18. O-O 1/2-1/2

[Event "World Senior 65+ 2014"]
[Site "Katerini GRE"]
[Date "2014.11.03"]
[Round "10.22"]
[White "Reynolds, D Ian W"]
[Black "Danielsson, Robert"]
[Result "1-0"]
[WhiteElo "2006"]
[BlackElo "2115"]
[WhiteFideId "410705"]
[BlackFideId "1711490"]
[EventDate "2014.10.24"]

1. e4 c5 2. c3 g6 3. Nf3 Bg7 4. d4 cxd4 5. cxd4 d5 6. exd5 Nf6 7. Bb5+ Nbd7 8.
Nc3 O-O 9. O-O Nb6 10. Re1 a6 11. Bd3 Nbxd5 12. Qb3 h6 13. Re5 Nb6 14. Bxg6 Nfd5
15. Nxd5 Be6 16. Qxb6 Bxd5 17. Qxd8 Rfxd8 18. Bh5 Bxe5 19. Nxe5 Kg7 20. Be3 f5
21. Nd3 b6 22. Nf4 Rac8 23. Nxd5 Rxd5 24. Bf3 Rd7 25. d5 b5 26. h4 Rc4 27. g3
Rd8 28. b3 Rc2 29. b4 Rc4 30. Bc5 Rd7 31. a4 a5 32. axb5 axb4 33. Be3 b3 34. Rb1
Rb4 35. b6 Kh7 36. Rb2 Kg7 37. Bc5 Rb5 38. Be3 Rb4 39. Kf1 Rb5 40. Ke2 e6 41.
dxe6 Re7 42. b7 Rxe6 43. Kd3 Re7 44. Kc4 Rexb7 45. Bxb7 Rxb7 46. Rxb3 Rc7+ 47.
Kd5 Re7 48. Rb6 h5 49. Bd4+ Kh7 50. Be5 Re8 51. Rb7+ Kh6 52. Rb6+ Kh7 53. Rf6 1-0

[Event "World Senior 65+ 2014"]
[Site "Katerini GRE"]
[Date "2014.11.03"]
[Round "10.23"]
[White "Nickl, Klaus"]
[Black "Blaushtain, Boris"]
[Result "1/2-1/2"]
[WhiteElo "2113"]
[BlackElo "2018"]
[WhiteFideId "1601024"]
[BlackFideId "2804638"]
[EventDate "2014.10.24"]

1. d4 Nf6 2. Bg5 d5 3. Nc3 g6 4. Bxf6 exf6 5. e4 dxe4 6. Nxe4 Bg7 7. c3 O-O 8.
Bd3 Re8 9. Ne2 Nd7 10. O-O f5 11. Nd2 Nf6 12. Nf4 Qd6 13. g3 Be6 14. Nxe6 Rxe6
15. Qf3 c6 16. Bc4 Re7 17. Rae1 Rae8 18. Qd1 Ne4 19. Kg2 1/2-1/2

[Event "World Senior 65+ 2014"]
[Site "Katerini GRE"]
[Date "2014.11.03"]
[Round "10.24"]
[White "Borwell, Alan P"]
[Black "Kratschmer, Heinz"]
[Result "1/2-1/2"]
[WhiteElo "2032"]
[BlackElo "2109"]
[WhiteFideId "2402335"]
[BlackFideId "1606670"]
[EventDate "2014.10.24"]

1. e4 c5 2. Nc3 g6 3. f4 Bg7 4. Nf3 e6 5. d4 cxd4 6. Nxd4 a6 7. Be3 Ne7 8. Be2
d5 9. exd5 Nxd5 10. Nxd5 Qxd5 11. Bf3 Qc4 12. c3 O-O 13. Qc2 Qc7 14. O-O Bd7 15.
Qf2 Nc6 16. Nb3 Ne7 17. Rad1 Bc6 18. Bc5 Rfe8 19. Bd6 Qc8 20. Na5 Bxf3 21. Qxf3
b6 22. Bxe7 Rxe7 23. Nc6 Re8 24. Rd2 Qc7 25. Rfd1 Rac8 26. Nb4 a5 27. Nc2 Red8
28. Qe3 1/2-1/2

[Event "World Senior 65+ 2014"]
[Site "Katerini GRE"]
[Date "2014.11.03"]
[Round "10.25"]
[White "Urbanc, Vinko"]
[Black "Meizlin, Yaacov"]
[Result "0-1"]
[WhiteElo "1849"]
[BlackElo "2105"]
[WhiteFideId "14607425"]
[BlackFideId "2812185"]
[EventDate "2014.10.24"]

1. e4 c5 2. Nf3 e6 3. d4 cxd4 4. Nxd4 Nf6 5. Bd3 Nc6 6. Be3 d5 7. Nxc6 bxc6 8.
e5 Nd7 9. f4 Qh4+ 10. g3 Qh3 11. Qf3 f6 12. exf6 Nxf6 13. Nd2 Be7 14. O-O-O O-O
15. Bf1 Qg4 16. h3 Qxf3 17. Nxf3 c5 18. c3 Bb7 19. Bg2 Ne4 20. Ng5 Nxg3 21. Nxe6
Rf6 22. Nxc5 Bxc5 23. Bxc5 Nxh1 24. Rxh1 Rxf4 25. Rg1 a6 26. Be3 Rf5 27. Kd2 Rc8
28. Bf1 Re8 29. Bd3 Rf3 30. Bd4 Re7 31. h4 Rh3 32. Rg2 Bc8 33. Bf6 Rf7 34. Bg5
a5 35. Bd8 a4 36. Bb5 Rb7 37. c4 Bd7 38. Bf6 Bxb5 39. cxb5 Rf3 40. Bd4 a3 41. b4
Rf4 42. Kd3 Rxh4 43. b6 Rf4 44. b5 Rf3+ 45. Kc2 h5 46. Re2 h4 47. Re5 Rd7 48.
Rh5 h3 49. Be5 d4 50. Bc7 d3+ 51. Kd2 Rf2+ 52. Ke3 Re2+ 53. Kf4 d2 54. b7 Rf2+
55. Kg3 Rf8 56. Rf5 Rxf5 0-1

[Event "World Senior 65+ 2014"]
[Site "Katerini GRE"]
[Date "2014.11.03"]
[Round "10.26"]
[White "Batakovs, Olegs"]
[Black "Kayaman, Metin"]
[Result "1/2-1/2"]
[WhiteElo "2098"]
[BlackElo "1878"]
[WhiteFideId "11600888"]
[BlackFideId "6301185"]
[EventDate "2014.10.24"]

1. e4 c5 2. Nf3 Nc6 3. d4 cxd4 4. Nxd4 Nf6 5. Nc3 d6 6. Bg5 e6 7. Qd2 Bd7 8.
O-O-O a6 9. f3 Be7 10. Kb1 Qc7 11. g4 O-O-O 12. Be3 h6 13. Qf2 Ne5 14. Nb3 Rde8
15. Bb6 Qb8 16. h3 Nc6 17. Qd2 Ne5 18. f4 Ng6 19. Bc4 Bc6 20. Rhe1 Bd8 21. Bd4
Bc7 22. f5 Ne5 23. Bxe5 dxe5 24. fxe6 fxe6 25. Nc5 Qa7 26. Nxe6 Ba5 27. Qd6 Qb6
28. Qc5 Qxc5 29. Nxc5 Bb4 30. Nd3 Bxc3 31. bxc3 Nxe4 32. Kb2 Rhf8 33. Re3 1/2-1/2

[Event "World Senior 65+ 2014"]
[Site "Katerini GRE"]
[Date "2014.11.03"]
[Round "10.27"]
[White "Reuben, Stewart"]
[Black "Lelis, Janis"]
[Result "1/2-1/2"]
[WhiteTitle "CM"]
[WhiteElo "2089"]
[BlackElo "1846"]
[WhiteFideId "405256"]
[BlackFideId "11604328"]
[EventDate "2014.10.24"]

1. c4 e5 2. Nc3 Nc6 3. g3 f5 4. Bg2 Nf6 5. d3 g6 6. e3 Bg7 7. Nge2 O-O 8. O-O
Re8 9. Rb1 Ne7 10. e4 c6 11. Be3 d6 12. Qd2 Ng4 13. Bg5 h6 14. h3 hxg5 15. hxg4
f4 16. f3 Qb6+ 17. Kh2 Be6 18. b4 Qc7 19. Ng1 Kf7 20. Nh3 Rh8 21. Qf2 Bf6 22.
Rfc1 Rh7 23. Ne2 Rah8 24. Qxa7 Qd7 25. Qf2 Ng8 26. Rh1 Nh6 27. Kg1 Be7 28. Kf1
Bxg4 29. gxf4 gxf4 30. fxg4 Nxg4 31. Qf3 g5 32. Neg1 Ne3+ 33. Ke1 g4 34. Qe2
Nxg2+ 35. Qxg2 gxh3 36. Qe2 Rg7 37. Nf3 Rg2 38. Qxg2 hxg2 39. Rxh8 Kg7 40. Rh2
g1=Q+ 41. Nxg1 Qg4 42. Kf1 Bh4 43. Rg2 Bg3 44. Ne2 Qf3+ 45. Kg1 Qxd3 46. Re1
Qe3+ 47. Kf1 Qf3+ 48. Kg1 Qxe4 49. Rf1 Qe3+ 50. Kh1 Kg6 51. Rd1 d5 52. cxd5 cxd5
53. Rxd5 Kf5 54. Nxg3+ fxg3 55. Rgd2 Qe4+ 56. Kg1 Qxb4 57. Re2 Qc3 58. Kg2 b6
59. Rdxe5+ Qxe5 60. Rxe5+ Kxe5 61. Kxg3 Ke4 62. Kf2 Kd3 63. Ke1 Kc2 64. Ke2 b5
65. Ke3 Kc3 66. Ke4 Kc4 67. Ke3 Kc3 68. Ke4 Kc4 69. Ke3 Kb4 70. Kd4 Ka3 71. Kc5
b4 72. Kc4 1/2-1/2

[Event "World Senior 65+ 2014"]
[Site "Katerini GRE"]
[Date "2014.11.03"]
[Round "10.28"]
[White "Robinson, John K"]
[Black "Baeta, Marcio Netto"]
[Result "1-0"]
[WhiteElo "1983"]
[BlackElo "2074"]
[WhiteFideId "406490"]
[BlackFideId "2112744"]
[EventDate "2014.10.24"]

1. d4 Nf6 2. c4 c5 3. d5 b5 4. cxb5 a6 5. bxa6 g6 6. Nc3 Bg7 7. e4 d6 8. h3 O-O
9. Nf3 Qb6 10. Be2 Bxa6 11. O-O Nbd7 12. Bxa6 Qxa6 13. Qc2 Rfb8 14. Rb1 Ne8 15.
b3 Qa5 16. Na4 Qb5 17. Bg5 e6 18. Nc3 Bxc3 19. Qxc3 Rxa2 20. Bh6 Qb4 21. Rfc1
Qxe4 22. dxe6 Qxe6 23. Re1 Qf6 24. Qe3 Nc7 25. Qe7 Qxe7 26. Rxe7 Rd8 27. Ng5 Nd5
28. Rxf7 Ne5 29. Rg7+ Kh8 30. Rxh7+ Kg8 31. Rg7+ Kh8 32. Re1 Rf8 33. Rh7+ Kg8
34. Rg7+ Kh8 35. Rh7+ Kg8 36. Bxf8 Kxf8 37. Rb7 Nf4 38. Ne4 Nfd3 39. Rf1 d5 40.
Nc3 Rb2 41. Ra1 Nf7 42. Nxd5 Rxf2 43. Rf1 Rxf1+ 44. Kxf1 Nfe5 45. Ne3 Nc6 46.
Nc4 Ncb4 47. Nd2 Nc1 48. Rc7 Nbd3 49. h4 Kg8 50. g4 Kh8 51. h5 gxh5 52. gxh5 Kg8
53. h6 Nxb3 54. Nxb3 c4 55. Rxc4 Kh7 56. Rh4 Ne5 57. Nd4 Ng6 58. Rh2 Ne7 59. Nf3 1-0

[Event "World Senior 65+ 2014"]
[Site "Katerini GRE"]
[Date "2014.11.03"]
[Round "10.29"]
[White "Malmdin, Nils-Ake"]
[Black "Benson, Lachlan"]
[Result "1-0"]
[WhiteTitle "FM"]
[WhiteElo "2208"]
[BlackElo "1998"]
[WhiteFideId "1701584"]
[BlackFideId "3205410"]
[EventDate "2014.10.24"]

1. e4 c5 2. f4 Nc6 3. Nc3 e6 4. Nf3 a6 5. d4 cxd4 6. Nxd4 Qc7 7. Be3 d6 8. Qf3
Nf6 9. Bd3 Be7 10. O-O O-O 11. Kh1 Bd7 12. Qg3 Kh8 13. a3 Rac8 14. Rae1 Na5 15.
e5 Ne8 16. Qh3 g6 17. Nf3 d5 18. Bd4 Ng7 19. g4 Nc6 20. Bf2 f5 21. exf6 Bxf6 22.
Bxg6 h5 23. Bxh5 Nxh5 24. Qxh5+ Kg8 25. Qg6+ Kh8 26. Bg3 Ne7 27. Qh6+ Kg8 28. f5
Qc6 29. Be5 Bxe5 30. Nxe5 Qb6 1-0

[Event "World Senior 65+ 2014"]
[Site "Katerini GRE"]
[Date "2014.11.03"]
[Round "10.32"]
[White "Pitzl, Konstantinos"]
[Black "Acosta, Mariano USA"]
[Result "1/2-1/2"]
[WhiteElo "2048"]
[BlackElo "1942"]
[WhiteFideId "1627112"]
[BlackFideId "2008629"]
[EventDate "2014.10.24"]

1. Nf3 d5 2. c4 d4 3. g3 c5 4. Bg2 Nc6 5. d3 e5 6. O-O Be7 7. e3 Nf6 8. a3 a5 9.
exd4 exd4 10. Bg5 O-O 11. Nbd2 h6 12. Bxf6 Bxf6 13. Rb1 Bf5 14. Ne1 a4 15. Ne4
Be7 16. b3 axb3 17. Qxb3 Na5 18. Qc2 Rb8 19. Nd2 Qc7 20. Nef3 Nc6 21. Rfe1 Rfe8
22. Ne4 Bf8 23. Nfd2 Bd7 24. f4 Ne7 25. Nf1 Bc6 26. Bh3 Nc8 27. Nfd2 b6 28. Nf3
Nd6 29. Ne5 Be7 1/2-1/2

[Event "World Senior 65+ 2014"]
[Site "Katerini GRE"]
[Date "2014.11.03"]
[Round "10.33"]
[White "Awawdeh, Fayez"]
[Black "Kronlaks, Olafs"]
[Result "1-0"]
[WhiteTitle "FM"]
[WhiteElo "2012"]
[BlackElo "1836"]
[WhiteFideId "8100721"]
[BlackFideId "11604077"]
[EventDate "2014.10.24"]

1. d4 d5 2. c4 c6 3. Nc3 Nf6 4. Nf3 dxc4 5. e3 b5 6. a4 Qb6 7. Be2 e6 8. O-O
Nbd7 9. axb5 cxb5 10. b3 Bd6 11. bxc4 bxc4 12. Bxc4 O-O 13. Bd3 Bb7 14. Nb5 Bb8
15. Bd2 e5 16. Ba5 Qe6 17. Ng5 Qc6 18. f3 exd4 19. exd4 Ba6 20. Bb4 Bxb5 21.
Bxb5 Qxb5 22. Bxf8 Nxf8 23. Qd2 Qf5 24. Nh3 Ne6 25. Ra5 Qg6 26. d5 Bc7 27. dxe6
Bxa5 28. exf7+ Qxf7 29. Qxa5 Qd7 30. Qa2+ Kh8 31. Nf2 a5 32. Rd1 Qa7 33. Qa4 h6
34. g4 Qc5 35. Kg2 Nd5 36. Qe4 Ne3+ 37. Kh3 Rf8 38. Rd3 Nc4 39. Kg2 Nb6 40. h4
a4 41. Rd2 Nc4 42. Rd4 Nb6 43. Rd2 a3 44. Nd3 Qb5 45. Nf4 Re8 46. Qg6 Rg8 47. g5
Nc4 48. Re2 Qb6 49. Qd3 1-0

[Event "World Senior 65+ 2014"]
[Site "Katerini GRE"]
[Date "2014.11.03"]
[Round "10.34"]
[White "Lukovski, Lev"]
[Black "Chirinos Cabrera, Cleren Jesus"]
[Result "0-1"]
[BlackTitle "CM"]
[WhiteElo "1917"]
[BlackElo "2009"]
[WhiteFideId "4634837"]
[BlackFideId "3900150"]
[EventDate "2014.10.24"]

1. Nf3 Nf6 2. g3 g6 3. c4 Bg7 4. d4 O-O 5. Nc3 c5 6. d5 d6 7. Bg2 a6 8. a4 b6 9.
O-O Nbd7 10. e4 Ng4 11. Qe2 Nge5 12. Nxe5 Nxe5 13. h3 f6 14. f4 Nf7 15. Nd1 Rb8
16. Ne3 Bd7 17. Ra2 Qc7 18. Bd2 b5 19. axb5 axb5 20. Rfa1 Rb7 21. Qd3 Rfb8 22.
Qc2 Qc8 23. Kh2 Nh6 24. cxb5 Bxb5 25. Bc3 Nf7 26. Bf3 Qf8 27. Bg4 Kh8 28. Be2
Bxe2 29. Qxe2 f5 30. exf5 Bxc3 31. bxc3 Qg7 32. Qc2 g5 33. Nc4 gxf4 34. gxf4 Rg8
35. Qg2 Qxc3 36. Ra8 Nd8 37. Qf1 Rb4 38. Rc1 Qg3+ 39. Kh1 Rb3 40. Ra2 Rf3 41.
Qe1 Qxf4 42. Rh2 Qxf5 43. Ne3 Rxe3 0-1

[Event "World Senior 65+ 2014"]
[Site "Katerini GRE"]
[Date "2014.11.03"]
[Round "10.35"]
[White "Belokopyt, Boris"]
[Black "El Gheiadi, I."]
[Result "1-0"]
[WhiteElo "1940"]
[BlackElo "2085"]
[WhiteFideId "4152530"]
[BlackFideId "9200037"]
[EventDate "2014.10.24"]

1. Nf3 c5 2. c4 Nc6 3. Nc3 d6 4. g3 e5 5. Bg2 Nf6 6. O-O Be7 7. e3 Bg4 8. h3 Bh5
9. Qa4 O-O 10. a3 Nd7 11. Nd5 Nb6 12. Nxb6 axb6 13. Qc2 f5 14. d3 Qc7 15. Bd2
Bg6 16. Nh2 f4 17. Bxc6 fxg3 18. Bd5+ Kh8 19. fxg3 Bf5 20. Bg2 Qd7 21. g4 Be6
22. Rxf8+ Rxf8 23. Rf1 Rxf1+ 24. Nxf1 h5 25. gxh5 Bxh3 26. Be1 Qg4 27. Kh1 Bxg2+
28. Qxg2 Qd1 29. Qd2 Qf3+ 30. Kg1 Qg4+ 31. Bg3 Bg5 32. Qf2 Qd1 33. Qf8+ Kh7 34.
Qf5+ Kh8 35. Qxg5 Qxd3 36. h6 gxh6 37. Qxh6+ Kg8 38. Bh4 Qe4 39. Qg5+ Kh7 40.
Ng3 Qb1+ 41. Kh2 Qxb2+ 42. Kh3 Qa1 43. Qf5+ Kg8 44. Qg6+ Kf8 45. Bf6 1-0

[Event "World Senior 65+ 2014"]
[Site "Katerini GRE"]
[Date "2014.11.03"]
[Round "10.36"]
[White "Pihlajamaki, Antti"]
[Black "Yakovlev, Yuri S."]
[Result "1/2-1/2"]
[WhiteElo "1863"]
[BlackElo "1992"]
[WhiteFideId "503290"]
[BlackFideId "4173929"]
[EventDate "2014.10.24"]

1. e4 c5 2. Nf3 a6 3. d4 cxd4 4. Nxd4 e6 5. Nc3 b5 6. a3 Bb7 7. Be2 Qc7 8. O-O
Nf6 9. Qd3 Nc6 10. Nxc6 Bxc6 11. Bg5 Be7 12. Rad1 h6 13. Bh4 Qb7 14. Bf3 g5 15.
Bg3 g4 16. e5 gxf3 17. exf6 Bxf6 18. Rfe1 Rg8 19. Qd6 Be7 20. Qd3 Rg6 21. Re5 d6
22. Ree1 O-O-O 23. Ne4 d5 24. Nd2 fxg2 25. Nf3 Bd6 26. Bxd6 Rxd6 27. Ne5 Rf6 28.
Qd4 Rf5 29. c4 bxc4 30. Nxc4 Rd8 31. Na5 Qc7 32. Nxc6 Rd6 33. Qh8+ Kb7 34. Nb4
Qb6 35. Qd4 a5 36. Qxb6+ Rxb6 37. Nd3 Kc6 38. Ne5+ Kb5 39. b3 f6 40. Nd3 e5 41.
Kxg2 Kc6 42. b4 e4 43. bxa5 Rb3 44. Nb4+ Kc5 45. Ra1 Rb2 46. Rec1+ Kb5 47. Rc2
Rxc2 48. Nxc2 Kxa5 49. Nd4 Rg5+ 50. Kh1 Ka4 51. h3 1/2-1/2

[Event "World Senior 65+ 2014"]
[Site "Katerini GRE"]
[Date "2014.11.03"]
[Round "10.37"]
[White "Hmooda, Elhabib"]
[Black "Borensztajn, David"]
[Result "1-0"]
[WhiteElo "1718"]
[BlackElo "1940"]
[WhiteFideId "9202528"]
[BlackFideId "2106817"]
[EventDate "2014.10.24"]

1. d4 d5 2. Nf3 c6 3. g3 e6 4. Bg2 Nd7 5. Bf4 Ngf6 6. c3 Be7 7. O-O O-O 8. Qc2
Nh5 9. Bd2 f5 10. c4 Bd6 11. a3 Ndf6 12. Bg5 h6 13. Bd2 f4 14. Ne5 Bxe5 15. dxe5
Nd7 16. g4 Nxe5 17. gxh5 f3 18. exf3 Rxf3 19. Re1 Rf5 20. Rxe5 Rxe5 21. Qg6 Qf8
22. Bf1 Qf7 23. cxd5 Qxg6+ 24. hxg6 exd5 25. Bd3 Bh3 26. f4 Ree8 27. Kf2 Bd7 28.
Nc3 b6 29. Ne2 c5 30. b3 Rac8 31. Rc1 b5 32. Ng1 c4 33. bxc4 dxc4 34. Bb1 Bc6
35. a4 a6 36. axb5 axb5 37. Nf3 Bxf3 38. Kxf3 Rcd8 39. Bc3 Ra8 40. Be5 Rec8 41.
Be4 Ra2 42. Rd1 b4 43. Rd7 b3 44. Rxg7+ Kf8 45. Rf7+ Ke8 46. Rb7 1-0

[Event "World Senior 65+ 2014"]
[Site "Katerini GRE"]
[Date "2014.11.03"]
[Round "10.38"]
[White "Susanto, Budhi"]
[Black "Rubinstein, Mark"]
[Result "0-1"]
[WhiteElo "1724"]
[BlackElo "1931"]
[WhiteFideId "7104979"]
[BlackFideId "2807076"]
[EventDate "2014.10.24"]

1. d4 Nf6 2. Nf3 g6 3. Bg5 Ne4 4. Bf4 Bg7 5. e3 O-O 6. Bd3 f5 7. c4 e6 8. Nbd2
d5 9. O-O c6 10. Rc1 Nd7 11. Qb3 Kh8 12. cxd5 exd5 13. a4 h6 14. Qa3 g5 15. Bd6
Re8 16. Bxe4 fxe4 17. Ne1 Nf6 18. Be5 Kh7 19. Nb3 Bf8 20. Qa1 Ng4 21. Bg3 h5 22.
h3 h4 23. Bh2 Nxh2 24. Kxh2 Bd6+ 25. Kg1 g4 26. hxg4 Bxg4 27. Nc2 Qg5 28. Kh1
Rg8 29. Ne1 Be2 30. Rg1 Raf8 31. Rc2 Rxf2 32. Rxe2 Qg3 33. Nf3 exf3 0-1

[Event "World Senior 65+ 2014"]
[Site "Katerini GRE"]
[Date "2014.11.03"]
[Round "10.39"]
[White "Choong, Liong-On Mark"]
[Black "Topaloglu, Hayati"]
[Result "1-0"]
[WhiteTitle "CM"]
[WhiteElo "1921"]
[BlackElo "1848"]
[WhiteFideId "5806410"]
[BlackFideId "6310338"]
[EventDate "2014.10.24"]

1. c4 e6 2. Nf3 Nf6 3. g3 d5 4. Bg2 c6 5. b3 Bd6 6. Bb2 Nbd7 7. O-O O-O 8. d4
Re8 9. Nc3 a6 10. Qc2 h6 11. Rfd1 Qe7 12. a4 b6 13. h3 Bb7 14. Nh4 a5 15. Rac1
Rac8 16. e4 dxe4 17. Nxe4 Nxe4 18. Bxe4 Nf6 19. Bg2 g5 20. Nf3 c5 21. Re1 Nd7
22. Rcd1 Rcd8 23. Nxg5 Qxg5 24. Bxb7 f5 25. Bg2 h5 26. h4 Qg6 27. Bh3 Kf7 28.
Re3 cxd4 29. Bxd4 Nc5 30. Rf3 Ke7 31. Be3 Be5 32. Re1 Ne4 33. Bg5+ Nxg5 34. hxg5
Qg7 35. Rfe3 Kd6 36. Rxe5 Qxg5 37. Bxf5 h4 38. c5+ Kd7 39. Bxe6+ Rxe6 40. Rd1+
Ke7 41. Rxg5 Rxd1+ 42. Qxd1 hxg3 43. fxg3 1-0